<The> food advertising market in the Slovak Republic

Objem finančných prostriedkov preinvestovaných jednotlivými zadávateľmi reklamy. Reklamné skupiny. Analýza reklamného trhu potravín. Prehľad najväčších inzerantov na Slovensku.

Salvato in:
Dettagli Bibliografici
Autore principale: Nagyová, Ľudmila
Altri autori: Kročanová, Mária, Maďarová, Ľudmila
Natura: Capitolo di libro
Lingua:inglese
Soggetti:
Tags: Aggiungi Tag
Nessun Tag, puoi essere il primo ad aggiungerne!!

MARC

LEADER 00000naa$a2200000$$$4500
001 0063365
005 20231128141444.6
041 0 |a eng 
044 |a CZ 
245 1 0 |a <The> food advertising market in the Slovak Republic  |c Ľudmila Nagyová, Mária Kročanová, Ľudmila Maďarová 
520 |a Objem finančných prostriedkov preinvestovaných jednotlivými zadávateľmi reklamy. Reklamné skupiny. Analýza reklamného trhu potravín. Prehľad najväčších inzerantov na Slovensku. 
610 2 0 |a reklama 
610 2 0 |a trh reklamný 
610 2 0 |a médiá 
610 2 0 |a potraviny 
610 2 0 |a spotrebitelia 
610 2 0 |a mix komunikačný 
610 2 0 |a Slovensko 
100 1 |a Nagyová, Ľudmila 
700 1 |a Kročanová, Mária 
700 1 |a Maďarová, Ľudmila